[Event "Ptuj op 7th"]
[Site "Ptuj"]
[Date "2012.12.27"]
[Round "7"]
[White "Vukmirovic, Dusan"]
[Black "Polajzer, Danilo"]
[Result "0-1"]
[WhiteElo "2101"]
[BlackElo "2295"]
[PlyCount "54"]
[EventDate "2012.12.22"]
[EventType "swiss"]
[EventRounds "9"]
[EventCountry "SLO"]
[SourceTitle "CBM 152 Extra"]
[Source "ChessBase"]
[SourceDate "2013.02.25"]
[SourceVersion "1"]
[SourceVersionDate "2013.02.25"]
[SourceQuality "1"]

1. e4 c5 2. Nf3 Nc6 3. d4 cxd4 4. Nxd4 e5 5. Nb5 d6 6. Bg5 Qxg5 7. Nc7+ Kd8 8. Nxa8 Bg4 9. f3 Qe3+ 10. Be2 Be6 11. c3 Kc8 12. Qd2 Qxd2+ 13. Nxd2 Kb8 14. Bc4 Kxa8 15. Bxe6 fxe6 16. b4 Nf6 17. 0-0 Kb8 18. Rfe1 Be7 19. a3 Rc8 20. Nb3 Nd7 21. Rac1 Nb6 22. c4 Nd4 23. Nxd4 exd4 24. Rcd1 e5 25. c5 dxc5 26. f4 c4 27. fxe5 d3 0-1

[Event "Ptuj op 7th"]
[Site "Ptuj"]
[Date "2012.12.23"]
[Round "3"]
[White "Krumpacnik, Domen"]
[Black "Vukmirovic, Dusan"]
[Result "0-1"]
[WhiteElo "2353"]
[BlackElo "2101"]
[PlyCount "64"]
[EventDate "2012.12.22"]
[EventType "swiss"]
[EventRounds "9"]
[EventCountry "SLO"]
[SourceTitle "CBM 152 Extra"]
[Source "ChessBase"]
[SourceDate "2013.02.25"]
[SourceVersion "1"]
[SourceVersionDate "2013.02.25"]
[SourceQuality "1"]

1. d4 d5 2. c4 c6 3. Nf3 e6 4. Nc3 Nf6 5. Bg5 dxc4 6. e4 Bb4 7. e5 h6 8. Bd2 Bxc3 9. bxc3 Ne4 10. Bxc4 b6 11. Bd3 Nxd2 12. Nxd2 0-0 13. Qg4 Ba6 14. c4 Nd7 15. Qe4 f5 16. exf6 Nxf6 17. Qe3 e5 18. dxe5 Ng4 19. Qe4 Nxe5 20. Qh7+ Kf7 21. Qf5+ Kg8 22. Qh7+ Kf7 23. Bc2 Rh8 24. Qe4 Qf6 25. 0-0 Rhe8 26. Rfe1 Nxc4 27. Qd3 Rad8 28. Qg3 Nxd2 29. Qa3 Bc4 30. Qxa7+ Kg8 31. Qxb6 Bd5 32. f3 Nxf3+ 0-1

[Event "SLO-chT2 East"]
[Site "Brezice Maribor"]
[Date "2012.11.03"]
[Round "7"]
[White "Vukmirovic, Dusan"]
[Black "Peric, Bernard"]
[Result "1/2-1/2"]
[WhiteElo "2102"]
[BlackElo "2052"]
[PlyCount "122"]
[EventDate "2012.09.08"]
[EventType "team-tourn"]
[EventRounds "9"]
[EventCountry "SLO"]
[SourceTitle "EXT 2022"]
[Source "ChessBase"]
[SourceDate "2021.10.06"]
[SourceVersion "1"]
[SourceVersionDate "2021.10.06"]
[SourceQuality "1"]

1. e4 c6 2. d3 d5 3. Nd2 e5 4. g3 Nf6 5. Bg2 Bc5 6. Nb3 Bb6 7. Qe2 dxe4 8. dxe4 Bg4 9. f3 Be6 10. Bd2 Nbd7 11. 0-0-0 Qe7 12. Nh3 h6 13. g4 g5 14. Nf2 0-0-0 15. Kb1 Ne8 16. Nd3 Bc4 17. Bf1 Nc7 18. Qe1 Ne6 19. Bb4 Qf6 20. Qg3 Nf4 21. Nxf4 exf4 22. Qg2 Bxf1 23. Qxf1 Ne5 24. Bc3 Qe6 25. a4 Rxd1+ 26. Qxd1 Rd8 27. Qe2 Nc4 28. h4 Be3 29. hxg5 hxg5 30. Rh5 Nb6 31. Ba5 Qe5 32. Bxb6 axb6 33. Qc4 Rd7 34. Qb4 Kc7 35. Qf8 Qd6 36. Qxd6+ Rxd6 37. Rxg5 Rd1+ 38. Ka2 Kd7 39. a5 Rf1 40. axb6 Rxf3 41. Nc5+ Ke7 42. Re5+ Kd6 43. Nd3 Bxb6 44. Rf5 Be3 45. Rxf7 b5 46. e5+ Ke6 47. Rf6+ Kd7 48. Rf7+ Ke6 49. Rc7 c5 50. Rc6+ Kd7 51. Rd6+ Ke7 52. b4 c4 53. Nc5 Bxc5 54. bxc5 Re3 55. c6 Rxe5 56. Rd7+ Ke6 57. Rd4 f3 58. Ka3 f2 59. Rf4 Re2 60. c3 Kd6 61. Rf6+ Kc7 1/2-1/2

[Event "SRB-chT3 North CS"]
[Site "Serbia"]
[Date "2012.09.23"]
[Round "4.2"]
[White "Vukmirovic, Dusan"]
[Black "Savic, Petar A"]
[Result "0-1"]
[WhiteElo "2106"]
[BlackElo "2115"]
[PlyCount "148"]
[EventDate "2012.09.21"]
[EventType "team"]
[EventRounds "10"]
[EventCountry "SRB"]
[SourceTitle "EXT 2015"]
[Source "ChessBase"]
[SourceDate "2014.11.20"]
[SourceVersion "1"]
[SourceVersionDate "2014.11.20"]
[SourceQuality "1"]

1. e4 e5 2. Nf3 d6 3. d4 exd4 4. Nxd4 Nf6 5. Nc3 Be7 6. f3 a6 7. Be3 0-0 8. g4 c5 9. Nf5 Bxf5 10. gxf5 Nc6 11. Qd2 Ne5 12. Qg2 Kh8 13. 0-0-0 Qa5 14. Kb1 b5 15. Bg5 Nc4 16. Bxc4 bxc4 17. Bd2 Rab8 18. Ka1 Nd7 19. Nd5 Qd8 20. Bc3 Rg8 21. Qe2 Nb6 22. Nxb6 Qxb6 23. Qxc4 f6 24. h4 Qb5 25. Qd5 Qe2 26. Qd3 Qxd3 27. Rxd3 g6 28. Rd5 Kg7 29. fxg6 hxg6 30. h5 Kf7 31. hxg6+ Rxg6 32. a3 Rg2 33. Kb1 Rbg8 34. Rh6 R2g6 35. Rxg6 Rxg6 36. Ka2 Rg3 37. Rf5 Ke6 38. Rf4 Rg5 39. Kb3 Rg2 40. Rh4 Re2 41. Ka4 Bd8 42. Rh8 Kd7 43. Rf8 Be7 44. Ra8 Rxc2 45. Ra7+ Ke6 46. f4 Re2 47. f5+ Kf7 48. Rxa6 Rxe4+ 49. Kb5 d5 50. Ra7 d4 51. Ba5 Ke8 52. Ra8+ Kf7 53. Rh8 Re5 54. Rh5 c4+ 55. Kxc4 Rxa5 56. Kxd4 Bd6 57. Kc4 Be5 58. Rh7+ Ke8 59. Rb7 Bd6 60. Rb6 Kd7 61. b4 Rxa3 62. Rb7+ Bc7 63. Rb5 Rf3 64. Rd5+ Bd6 65. b5 Rf4+ 66. Kc3 Rf1 67. Kb3 Kc7 68. Ka4 Rb1 69. Rd2 Rb4+ 70. Ka5 Rb1 71. Rc2+ Kb7 72. Ka4 Rf1 73. Rc6 Be5 74. Ka5 Rxf5 0-1

[Event "SRB-chT3 North CS"]
[Site "Serbia"]
[Date "2012.09.22"]
[Round "2.1"]
[White "Ivanovic, Lazar"]
[Black "Vukmirovic, Dusan"]
[Result "0-1"]
[WhiteElo "1941"]
[BlackElo "2106"]
[PlyCount "112"]
[EventDate "2012.09.21"]
[EventType "team"]
[EventRounds "10"]
[EventCountry "SRB"]
[SourceTitle "EXT 2015"]
[Source "ChessBase"]
[SourceDate "2014.11.20"]
[SourceVersion "1"]
[SourceVersionDate "2014.11.20"]
[SourceQuality "1"]

1. d4 d5 2. c4 c6 3. Nf3 e6 4. Nc3 Nf6 5. cxd5 exd5 6. Bg5 Bb4 7. e3 Qa5 8. Qc2 Ne4 9. Rc1 Bg4 10. Ne5 Bf5 11. f3 Ng3 12. Bd3 Bxd3 13. Qxd3 Nxh1 14. Nxf7 0-0 15. Ne5 Qc7 16. Kf1 Bxc3 17. bxc3 h6 18. Bh4 Nd7 19. Ng6 Rfe8 20. Kg1 Nf8 21. Ne5 Rxe5 22. dxe5 Qxe5 23. Kxh1 Re8 24. Re1 Nd7 25. Bg3 Qe6 26. Qb1 Nc5 27. Bf2 Qe7 28. h3 b6 29. Qc2 Qe5 30. c4 Rd8 31. Rd1 Rd7 32. cxd5 Rxd5 33. e4 Rxd1+ 34. Qxd1 Ne6 35. Qa4 Qc7 36. Qc4 Qd7 37. f4 Kh7 38. e5 g6 39. Qe4 Ng7 40. Kh2 Qe6 41. Qc2 Qd5 42. g4 c5 43. h4 Qf3 44. h5 Qxf4+ 45. Bg3 Qg5 46. hxg6+ Qxg6 47. Qa4 Nf5 48. Qd7+ Ng7 49. Bh4 Qc2+ 50. Kh3 Qc3+ 51. Bg3 Qe3 52. Qxa7 c4 53. Qc7 c3 54. Qc6 b5 55. Qxb5 c2 56. Qc4 c1Q 0-1

[Event "Sentjur Ipavec Memorial-A 12th"]
[Site "Sentjur"]
[Date "2011.09.21"]
[Round "9"]
[White "Kozina, Zdenko"]
[Black "Vukmirovic, Dusan"]
[Result "0-1"]
[WhiteElo "1896"]
[BlackElo "2085"]
[PlyCount "111"]
[EventDate "2011.09.14"]
[EventType "swiss"]
[EventRounds "9"]
[EventCountry "SLO"]
[SourceTitle "EXT 2024"]
[Source "ChessBase"]
[SourceDate "2023.10.10"]
[SourceVersion "1"]
[SourceVersionDate "2023.10.10"]
[SourceQuality "1"]

1. d4 d5 2. c4 e6 3. cxd5 exd5 4. Nc3 Nf6 5. Bg5 Be7 6. e3 0-0 7. Bd3 c6 8. Nge2 Nbd7 9. Qc2 h6 10. Bh4 Nb6 11. 0-0 Nc4 12. Bxc4 dxc4 13. Bxf6 gxf6 14. Ng3 Re8 15. Nf5 Bf8 16. Ne2 b5 17. Neg3 Kh8 18. Rae1 Bg7 19. f4 Rg8 20. Rf3 Bf8 21. Kh1 a5 22. Nh5 Be6 23. Rh3 Qd5 24. Nhg3 Rxg3 25. e4 Bxf5 26. Rxg3 Bh7 27. exd5 Bxc2 28. dxc6 f5 29. b3 Be4 30. bxc4 bxc4 31. Rc1 Bd5 32. Rgc3 Bd6 33. Rxc4 Bxc4 34. Rxc4 Kg7 35. g3 Kf6 36. d5 Ke7 37. Rc3 Rb8 38. Re3+ Kd8 39. Re2 Rb1+ 40. Kg2 Rd1 41. Kh3 Rxd5 42. Kh4 Bc7 43. Kh5 Rd6 44. Re5 Rxc6 45. Rxf5 Ke7 46. Rb5 Kf8 47. Kg4 Rc2 48. Rb7 Kg7 49. h4 Bd6 50. Rb6 Be7 51. Rb7 Bf6 52. Rb5 Rxa2 53. h5 a4 54. Kf5 a3 55. Rb6 Rb2 56. Rxf6 0-1

[Event "Sentjur Ipavec Memorial-A 12th"]
[Site "Sentjur"]
[Date "2011.09.20"]
[Round "8"]
[White "Buzeti, Jernej"]
[Black "Vukmirovic, Dusan"]
[Result "1-0"]
[WhiteElo "2301"]
[BlackElo "2085"]
[PlyCount "161"]
[EventDate "2011.09.14"]
[EventType "swiss"]
[EventRounds "9"]
[EventCountry "SLO"]
[SourceTitle "CBM 144 Extra"]
[Source "ChessBase"]
[SourceDate "2011.10.28"]
[SourceVersion "1"]
[SourceVersionDate "2011.10.28"]
[SourceQuality "1"]

1. e4 c5 2. Nf3 Nc6 3. d4 cxd4 4. Nxd4 Nf6 5. Nc3 e6 6. a3 Qc7 7. Be3 a6 8. f4 d6 9. Be2 Be7 10. 0-0 0-0 11. Qe1 d5 12. e5 Ne4 13. Nxe4 dxe4 14. Nb3 f5 15. Qf2 Bd7 16. Bb6 Qc8 17. Rad1 Nb8 18. Rd2 Bc6 19. Bc4 Bb5 20. Bxb5 axb5 21. Rfd1 Ra4 22. c3 Rc4 23. Be3 Kh8 24. Nd4 g5 25. Nxb5 gxf4 26. Qxf4 Bc5 27. Nd6 Bxe3+ 28. Qxe3 f4 29. Qe2 Qc5+ 30. Kh1 Ra4 31. Qh5 Qc7 32. Qh6 Qg7 33. Qxg7+ Kxg7 34. Nxb7 e3 35. Rd4 Rxd4 36. Rxd4 Rf5 37. Re4 Nd7 38. Kg1 Rxe5 39. Rxe5 Nxe5 40. a4 Nd3 41. Kf1 e5 42. Nd6 Nxb2 43. a5 Na4 44. a6 Nb6 45. a7 Na8 46. Ke2 Kf6 47. Kd3 Ke6 48. Ne4 h6 49. c4 Kd7 50. Nc3 Kc6 51. Ke4 Kc5 52. Kxe5 Kxc4 53. Ne2 Kc5 54. Kxf4 Kb6 55. Kxe3 Kxa7 56. Ng3 Kb6 57. Nf5 h5 58. Kf4 Nc7 59. Kg5 Ne6+ 60. Kh4 Kc6 61. g3 Kd7 62. Kxh5 Ke8 63. Kg6 Kf8 64. h4 Kg8 65. g4 Nf4+ 66. Kg5 Nd5 67. Kh6 Kh8 68. g5 Ne7 69. Nd6 Ng8+ 70. Kg6 Ne7+ 71. Kf7 Nc6 72. Kf6 Nb8 73. Nf7+ Kg8 74. Ne5 Kh8 75. h5 Na6 76. g6 Nc7 77. Nf7+ Kg8 78. Nh6+ Kf8 79. g7+ Ke8 80. g8Q+ Kd7 81. Qf7+ 1-0

[Event "Sentjur Ipavec Memorial-A 12th"]
[Site "Sentjur"]
[Date "2011.09.19"]
[Round "7"]
[White "Vukmirovic, Dusan"]
[Black "Gorsek, Gregor"]
[Result "1-0"]
[WhiteElo "2085"]
[BlackElo "2129"]
[PlyCount "105"]
[EventDate "2011.09.14"]
[EventType "swiss"]
[EventRounds "9"]
[EventCountry "SLO"]
[SourceTitle "CBM 144 Extra"]
[Source "ChessBase"]
[SourceDate "2011.10.28"]
[SourceVersion "1"]
[SourceVersionDate "2011.10.28"]
[SourceQuality "1"]

1. e4 g6 2. d4 Bg7 3. Nc3 d6 4. Be3 Nf6 5. f3 c6 6. Qd2 b5 7. Bh6 Bxh6 8. Qxh6 b4 9. Nce2 Qa5 10. Qd2 Qb6 11. g4 h5 12. g5 Nfd7 13. 0-0-0 a5 14. Kb1 a4 15. Nc1 c5 16. dxc5 dxc5 17. Bc4 Ne5 18. Bb5+ Nbc6 19. Bxc6+ Nxc6 20. Nge2 0-0 21. Nf4 e6 22. Rhg1 Ne5 23. Qf2 Ba6 24. Qg3 h4 25. Qxh4 Nxf3 26. Qh6 Ra7 27. Rg3 b3 28. Rh3 bxc2+ 29. Ka1 f6 30. Qh8+ Kf7 31. Qxf6+ Ke8 32. Qxg6+ Raf7 33. Rd5 a3 34. b3 Ke7 35. Rxf3 Rxf4 36. Rc3 c4 37. Rd2 Rf1 38. Rcxc2 Qc5 39. Qg7+ R8f7 40. Qc3 R7f3 41. Qh8 Rf8 42. Qd4 Qxd4+ 43. Rxd4 R8f2 44. Kb1 cxb3 45. Rc7+ Ke8 46. axb3 Rb2+ 47. Ka1 Rxb3 48. Ka2 Rb2+ 49. Kxa3 Rxh2 50. g6 Rg1 51. Ra4 Kd8 52. Rh7 Rc2 53. Rxa6 1-0

[Event "Sentjur Ipavec Memorial-A 12th"]
[Site "Sentjur"]
[Date "2011.09.15"]
[Round "2"]
[White "Vukmirovic, Dusan"]
[Black "Zoric, Darko"]
[Result "1-0"]
[WhiteElo "2085"]
[BlackElo "1761"]
[PlyCount "99"]
[EventDate "2011.09.14"]
[EventType "swiss"]
[EventRounds "9"]
[EventCountry "SLO"]
[SourceTitle "CBM 144 Extra"]
[Source "ChessBase"]
[SourceDate "2011.10.28"]
[SourceVersion "1"]
[SourceVersionDate "2011.10.28"]
[SourceQuality "1"]

1. e4 d6 2. d4 Nf6 3. Nc3 g6 4. f3 Bg7 5. Be3 c6 6. a3 0-0 7. Qd2 e5 8. 0-0-0 Qc7 9. Bh6 Bd7 10. h4 b5 11. h5 a5 12. hxg6 fxg6 13. Bxg7 Kxg7 14. Qh6+ Kg8 15. Bxb5 Be6 16. d5 cxd5 17. exd5 Bd7 18. Bxd7 Qxd7 19. Nh3 Qg7 20. Qxg7+ Kxg7 21. Ng5 Kg8 22. Nce4 Nxe4 23. Nxe4 Ra6 24. Rd3 Nd7 25. Rc3 Nf6 26. Nxf6+ Rxf6 27. Rc8+ Rf8 28. Rxf8+ Kxf8 29. Rxh7 Kg8 30. Rc7 Kf8 31. Rc6 Rxc6 32. dxc6 Ke7 33. b4 axb4 34. axb4 d5 35. b5 Kd6 36. g3 g5 37. f4 exf4 38. gxf4 gxf4 39. Kd2 Kc7 40. Ke2 Kd6 41. Kf3 Kc7 42. Kxf4 Kd6 43. c3 Ke6 44. b6 Kd6 45. c7 Kd7 46. Ke5 Kc8 47. Kxd5 Kd7 48. c4 Kc8 49. Kd6 Kb7 50. Kd7 1-0

[Event "Sarajevo Bosna op 41st"]
[Site "Sarajevo"]
[Date "2011.05.05"]
[Round "3"]
[White "Lakota, Izet"]
[Black "Vukmirovic, Dusan"]
[Result "0-1"]
[WhiteElo "1838"]
[BlackElo "2087"]
[PlyCount "78"]
[EventDate "2011.05.03"]
[EventType "swiss"]
[EventRounds "9"]
[EventCountry "BIH"]
[SourceTitle "CBM 142 Extra"]
[Source "ChessBase"]
[SourceDate "2011.06.27"]
[SourceVersion "1"]
[SourceVersionDate "2011.06.27"]
[SourceQuality "1"]

1. e4 c5 2. Nf3 Nc6 3. b3 d6 4. h3 e5 5. Bb5 Nf6 6. Bxc6+ bxc6 7. d3 g6 8. Bg5 Bg7 9. 0-0 0-0 10. Nbd2 h6 11. Bh4 g5 12. Bg3 Nh5 13. Nh2 Nf4 14. Rb1 Ne6 15. Nc4 Nf4 16. Ne3 Be6 17. f3 Ng6 18. Nhg4 Ne7 19. Bf2 d5 20. Nf5 Nxf5 21. exf5 Bxf5 22. Bxc5 Re8 23. Re1 d4 24. Qd2 Qd5 25. Ba3 Bg6 26. Bc1 Re6 27. Qe2 Rae8 28. Qf2 f5 29. Nh2 e4 30. dxe4 fxe4 31. fxe4 Rxe4 32. Bd2 c5 33. Nf3 c4 34. Bb4 c3 35. Rbd1 Rxe1+ 36. Nxe1 d3 37. Nf3 Be4 38. cxd3 Bxf3 39. Qxf3 Qd4+ 0-1

[Event "Gorazde op"]
[Site "Gorazde"]
[Date "2009.11.14"]
[Round "5"]
[White "Miljkovic, Milan1111"]
[Black "Vukmirovic, Dusan"]
[Result "1-0"]
[WhiteElo "2188"]
[BlackElo "2083"]
[PlyCount "79"]
[EventDate "2009.11.12"]
[EventType "swiss"]
[EventRounds "7"]
[EventCountry "BIH"]
[SourceTitle "EXT 2011"]
[Source "ChessBase"]
[SourceDate "2010.11.26"]
[SourceVersion "1"]
[SourceVersionDate "2010.11.26"]
[SourceQuality "1"]

1. e4 e5 2. Nf3 Nc6 3. Bb5 a6 4. Ba4 g6 5. 0-0 Bg7 6. c3 d6 7. h3 Bd7 8. d4 Nge7 9. dxe5 Nxe5 10. Nd4 0-0 11. Bb3 N7c6 12. f4 Nxd4 13. cxd4 Nc6 14. Be3 Na5 15. Nc3 Nxb3 16. Qxb3 b6 17. Rad1 Re8 18. Qc2 Qe7 19. Rfe1 c6 20. Qf2 f5 21. e5 d5 22. Rd2 Be6 23. Rc1 Bf8 24. Na4 Qb7 25. Rdc2 Rac8 26. Rc3 b5 27. Nc5 Bxc5 28. Rxc5 Bd7 29. Qh4 Re6 30. Bf2 Qb6 31. Qg3 Kf7 32. Qc3 Ree8 33. Bh4 a5 34. Qg3 Re6 35. Bf6 h5 36. Qg5 Be8 37. Qh6 Rxf6 38. exf6 Kxf6 39. Qf8+ Bf7 40. Qxc8 1-0

[Event "Gorazde op"]
[Site "Gorazde"]
[Date "2009.11.13"]
[Round "4"]
[White "Vukmirovic, Dusan"]
[Black "Miskic, Sejfudin"]
[Result "1/2-1/2"]
[WhiteElo "2083"]
[BlackElo "2150"]
[PlyCount "134"]
[EventDate "2009.11.12"]
[EventType "swiss"]
[EventRounds "7"]
[EventCountry "BIH"]
[SourceTitle "EXT 2011"]
[Source "ChessBase"]
[SourceDate "2010.11.26"]
[SourceVersion "1"]
[SourceVersionDate "2010.11.26"]
[SourceQuality "1"]

1. e4 c5 2. Nf3 a6 3. d4 cxd4 4. Nxd4 e5 5. Nb3 Nf6 6. Bg5 h6 7. Bxf6 Qxf6 8. a3 d6 9. Bc4 Nc6 10. Nc3 Be6 11. Bd5 Be7 12. 0-0 0-0 13. Qd3 Rac8 14. Ne2 Bxd5 15. Qxd5 Qe6 16. Rfd1 Qxd5 17. Rxd5 Nb8 18. c3 Nd7 19. Nd2 Rfd8 20. Rd1 b5 21. Ng3 g6 22. Ngf1 Nb6 23. Rd3 Na4 24. Rb1 Bg5 25. Nb3 Kg7 26. g3 h5 27. f3 f5 28. Nfd2 Kf6 29. Rd5 Ke6 30. Na5 Rd7 31. Ndb3 Bd8 32. Kf1 Bb6 33. Rd2 fxe4 34. fxe4 Rf7+ 35. Kg2 Nc5 36. Nxc5+ dxc5 37. Nb3 c4 38. Na1 Rcf8 39. Rbd1 Rf2+ 40. Kh3 Bc5 41. Nc2 g5 42. Nb4 Be7 43. Rxf2 Rxf2 44. g4 hxg4+ 45. Kg3 Rxb2 46. Nxa6 Bd6 47. Nb4 Bxb4 48. axb4 Rc2 49. Rd5 Rxc3+ 50. Kxg4 Re3 51. Rxb5 Rxe4+ 52. Kxg5 Re2 53. h4 Rg2+ 54. Kh5 c3 55. Rc5 c2 56. b5 Kd6 57. Rc8 c1Q 58. Rxc1 Rb2 59. Kg6 Rxb5 60. h5 Rb2 61. Rg1 Rh2 62. h6 Kd5 63. Rg5 Kd4 64. Rh5 Rg2+ 65. Kf7 Rf2+ 66. Ke7 Ra2 67. h7 Ra7+ 1/2-1/2

[Event "Gorazde op"]
[Site "Gorazde"]
[Date "2009.11.12"]
[Round "2"]
[White "Vukmirovic, Dusan"]
[Black "Maric, Spasoje"]
[Result "1/2-1/2"]
[WhiteElo "2083"]
[BlackElo "2198"]
[PlyCount "115"]
[EventDate "2009.11.12"]
[EventType "swiss"]
[EventRounds "7"]
[EventCountry "BIH"]
[SourceTitle "EXT 2011"]
[Source "ChessBase"]
[SourceDate "2010.11.26"]
[SourceVersion "1"]
[SourceVersionDate "2010.11.26"]
[SourceQuality "1"]

1. e4 e5 2. Nf3 Nc6 3. Nc3 Nf6 4. d4 d6 5. dxe5 dxe5 6. Qxd8+ Kxd8 7. Bg5 Be7 8. 0-0-0+ Ke8 9. Nd5 Nxd5 10. exd5 Bxg5+ 11. Nxg5 Nd4 12. c3 Nf5 13. Bb5+ Ke7 14. Rhe1 f6 15. Ne4 Nd6 16. Bd3 b6 17. c4 a5 18. c5 bxc5 19. Nxc5 Nb7 20. Na4 Bd7 21. Nc3 Kf7 22. Bb5 Bxb5 23. Nxb5 Nd6 24. Nc3 Rhd8 25. b3 Rab8 26. Re2 Nf5 27. Re4 Rb4 28. Rxb4 axb4 29. Nb5 Ke7 30. g4 Nd6 31. Na7 Rh8 32. Nc6+ Kd7 33. Nxb4 h5 34. g5 fxg5 35. Nd3 e4 36. Nc5+ Kc8 37. Ne6 g4 38. Kd2 g6 39. Rc1 Rh7 40. Rc6 Rf7 41. Ke1 h4 42. b4 e3 43. fxe3 g3 44. hxg3 hxg3 45. Rxc7+ Rxc7 46. Nxc7 Kxc7 47. Ke2 Ne4 48. Kf3 Kd6 49. a4 Kxd5 50. a5 Kc6 51. a6 g5 52. b5+ Kb6 53. Kg2 g4 54. Kg1 Nc3 55. Kg2 Ne4 56. Kg1 Ka7 57. Kg2 Kb6 58. Kg1 1/2-1/2